Trainer Werder Bremens seit 2000 - Statistiken

Allgemein
  • Dieses Quiz wurde 347 mal gespielt
  • Das Durchschnittsergebnis liegt bei 6 aus 7
Antwortstatistiken
Jahr Trainer % Korrekt
1999-2013 Thomas Schaaf
99%
seit 2021 Ole Werner
94%
2017-2021 Florian Kohfeldt
87%
2021 Markus Anfang
79%
2014-2016 Viktor Skripnik
75%
2016-2017 Alexander Nouri
68%
2013-2014 Robin Dutt
65%
Keine übereinstimmenden Quizze gefunden
Verteilung der Resultate
Anzahl Personen mit jedem Resultat
Perzentil nach korrekt beantworteten Fragen
Ihre Resultats-Entwicklung
Sie haben dieses Quiz noch nicht gespielt